LEADER 00990nam0-22003611i-450- 001 990003018490403321 010 $a0-86091-823-8 035 $a000301849 035 $aFED01000301849 035 $a(Aleph)000301849FED01 035 $a000301849 100 $a20000920d1984----km-y0itay50------ba 101 0 $aeng 102 $aIT 200 1 $aBeyond the Wasteland$eA Democratic Alternative to Economic Decline$fSamuel Bowles, David M.Gordon and Thomas E.Weisskopf. 205 $a1. ed. 210 $aLondon$cVerso$d1984. 215 $aXXI, 328 p.$d19 cm 610 0 $aCicli economici 610 0 $aStati Uniti 676 $aF/1.221 676 $aF/5 702 1$aBowles,$bSamuel$f<1939- > 702 1$aGordon,$bDavid M. 702 1$aWeisskopf,$bThomas E. 801 0$aIT$bUNINA$gRICA$2UNIMARC 901 $aBK 912 $a990003018490403321 952 $aF/5 BOW$b5872$fSES 959 $aSES 996 $aBeyond the Wasteland$9467452 997 $aUNINA DB $aING01 LEADER 00856nam a2200217 i 4500 001 991004311331407536 005 20240314095249.0 008 240314s1962 it er 001 0 ita d 040 $aBibl. Interfacoltà T. Pellegrino$bita$cSocioculturale Scs 041 0 $aita 082 04$a642$223. 100 1 $aLatini, Antonio$03513 245 13$aUn banchetto nuziale del Seicento /$c[Latini Antonio; a cura di Gino Doria] 260 $a[Napoli] :$bL'arte tipografica,$c1962 300 $a[10] carte ;$c26 cm 500 $aI nomi dell'autore e del curatore si ricavano dalla prefazione. - Nell'occhietto: Nozze De Stefano di Ogliastro Mattioli. - Edizione numerata di 120 esemplari su carta fabriano 650 4$aMatrimonio$xBanchetti 700 1 $aDoria, Gino 912 $a991004311331407536 996 $aBanchetto nuziale del Seicento$94130435 997 $aUNISALENTO